000 00351nam a2200145Ia 4500
008 230312s9999||||xx |||||||||||||| ||und||
020 _a0-8385-1417-0
082 _a615.1
_bCSA-C
100 _aCsaky
245 0 _aCutting,s handbook of pharmacology
260 _bAppleton
_aUK
_c1979
300 _a697
650 _aPharmacy
_vPharmacology
942 _cBK
999 _c1035
_d1035